000 00436nam a2200193Ia 4500
005 20240823034949.0
008 240823s9999||||xx |||||||||||||| ||und||
020 _a978-0-241-96641-9
041 _aENGLISH
082 _A823.914 Q3
100 _aJohn Le Carre.
245 2 _aA Delicate Truth
250 _a1st
260 _c2013
_b"Pearson ,Sing"
500 _aYES
650 _aNovel
_bEnglish
942 _cBK
999 _c199549
_d199549